UBT Library

CHILD WITH A CHRONIC CONDITION (Record no. 59062)

000 -LEADER
fixed length control field 00349nam a22001457a 4500
008 - FIXED-LENGTH DATA ELEMENTS--GENERAL INFORMATION
fixed length control field 221201b ||||| |||| 00| 0 eng d
020 ## - INTERNATIONAL STANDARD BOOK NUMBER
International Standard Book Number 9780323058773
041 ## - LANGUAGE CODE
Language code of text/sound track or separate title eng
080 ## - UNIVERSAL DECIMAL CLASSIFICATION NUMBER
Edition identifier FIFTH EDITION
Universal Decimal Classification number 616.053
082 ## - DEWEY DECIMAL CLASSIFICATION NUMBER
Classification number 616.053ALL
100 ## - Rafti
Rafti 14.2
101 ## - Shkurtesa
Shkurtesa PEDI
245 ## - TITLE STATEMENT
Title CHILD WITH A CHRONIC CONDITION
Statement of responsibility, etc ALLEN J P
942 ## - ADDED ENTRY ELEMENTS (KOHA)
Source of classification or shelving scheme
Item type Books

No items available.

UBT Library © 2015-2024. All rights reserved University Education for Business and Technology